Városépítéstan : A városépítéstan története és elmélete /

Gespeichert in:
Bibliographische Detailangaben
1. Verfasser: Perényi, Imre (Verfasst von)
Format: Buch
Sprache:Ungarisch
Veröffentlicht: Budapest : Tankönyvkiadó, 1978
Ausgabe:1. vydanie
Schlagworte:
Tags: Tag hinzufügen
Keine Tags, Fügen Sie das erste Tag hinzu!

MARC

LEADER 00000nam a22000003a 4500
001 0108346
003 SK-STU
005 20240209130444.1
007 ta
008 240209s ----xo-----e------000-0-----d
020 |a 963 17 2979 6 
040 |a STU  |b slo 
041 0 |a hun 
044 |a xo 
100 1 |a Perényi, Imre  |4 aut 
245 1 0 |a Városépítéstan :  |b A városépítéstan története és elmélete /  |c aut. Imre Perényi 
250 |a 1. vydanie 
260 |a Budapest :  |b Tankönyvkiadó,  |c 1978 
300 |a 627 s. 
650 0 7 |a urbanizmus a územné plánovanie 
650 0 7 |a mesto 
650 0 7 |a metropoly 
650 0 7 |a Európa 
650 0 7 |a Maďarsko 
650 0 7 |a urbanistické navrhovanie 
650 0 7 |a stavba miest 
650 0 7 |a zeleň v meste 
650 0 7 |a doprava a mesto 
996 |b 284AU09957  |c A* 13325/U  |l AAKNAR  |s A  |a 24  |w 0108346_0001